|
|
|
|
| LEADER |
01300nam a2200337 a 4500 |
| 001 |
000631400 |
| 003 |
CZ BrMZK |
| 005 |
20120511123912.0 |
| 007 |
ta |
| 008 |
021018s2002 xr e p cze d |
| 015 |
|
|
|a cnb001176563
|
| 020 |
|
|
|a 80-248-0077-2
|
| 035 |
|
|
|a (OCoLC)85032406
|
| 040 |
|
|
|a BOA001
|b cze
|
| 072 |
|
7 |
|a 546
|x Anorganická chemie
|2 Konspekt
|9 10
|
| 072 |
|
7 |
|a 37.016
|x Učební osnovy. Vyučovací předměty. Učebnice
|2 Konspekt
|9 22
|
| 080 |
|
|
|a 546
|2 MRF
|
| 080 |
|
|
|a (075.8)
|2 MRF
|
| 100 |
1 |
|
|a Kostura, Bruno,
|d 1963-
|7 ola20040507001
|4 aut
|
| 245 |
1 |
0 |
|a Příklady z chemie pro strojní obory /
|c Bruno Kostura, Miloslava Gregorová
|
| 250 |
|
|
|a 1. vyd.
|
| 260 |
|
|
|a Ostrava :
|b Vysoká škola báňská - Technická univerzita,
|c 2002
|
| 300 |
|
|
|a 73 s. ;
|c 29 cm
|
| 521 |
|
|
|a Určeno pro posluchače 1. ročníku FS
|
| 650 |
0 |
7 |
|a anorganická chemie
|7 ph114061
|x úlohy
|2 czenas
|
| 655 |
|
7 |
|a učebnice vysokých škol
|7 fd133772
|2 czenas
|
| 700 |
1 |
|
|a Gregorová, Miroslava,
|d 1948-
|7 jn20001005198
|4 aut
|
| 910 |
|
|
|a BOA001
|b 3-1107.774
|
| 990 |
|
|
|a BK
|
| 996 |
6 |
|
|b 2610172536
|c 3-1107.774
|l MZK
|r Sklad / do 1 hodiny
|n 0
|p p.v.
|w 000631400
|u 000010
|a 1
|e BOA001
|j MZK50
|s P
|
| 996 |
7 |
|
|b 2610172803
|c 3-1107.774
|l MZK
|r Sklad / do 1 hodiny
|n 5
|p kup
|w 000631400
|u 000020
|a 1
|e BOA001
|j MZK50
|s A
|